000 01215nam2a22002771 4500
001 v19\rc\1349688
005 20250618074851.0
035 _a(NLR Aleph) 004495242
090 _a4668440
_c4668440
100 _a20060512d1870 |||y0rusy50 ca
101 0 _arus
102 _aRU
105 _ay z |||||
200 0 _a... 23 декабря 1869 года
210 _dценз. 1870
_aБ. м.
215 _a16 с.
461 0 _1001v19\rc\1349677
_12001#$aПротокол заседания Славянского общества или Благотворительного комитета...$v... 23 декабря 1869 года
_94668391
_aСлавянский благотворительный комитет (Москва)
_cМосква
_d1862-
_tПротокол заседания Славянского общества или Благотворительного комитета...
_v... 23 декабря 1869 года
801 0 _aRU
_bNLR
_gpsbo
801 0 _aRU
_bRuMoRGB
_2psbo
801 1 _aRU
_bProSoft-M
_2rusmarc
852 _aNLR
_j18.126.6.68
899 _aRuMoRGB (1862-1872*)
_jF 191/111
899 _aRuMoRGB (1862-1872*)
_jF 191/487
899 _aБАН (1862-1872*)
942 _cBOOK
980 _aNB